[Event "Condom 18th"]
[Site "Condom"]
[Date "2019.07.17"]
[Round "6"]
[White "Grollemund, Bertrand"]
[Black "Boyer, Mahel"]
[Result "0-1"]
[WhiteElo "2203"]
[BlackElo "2295"]
[PlyCount "140"]
[EventDate "2019.07.13"]
[EventType "tourn"]
[EventRounds "9"]
[EventCountry "FRA"]
[EventCategory "5"]
[SourceTitle "CBM 191 Extra"]
[Source "ChessBase"]
[SourceDate "2019.09.30"]
[SourceVersion "1"]
[SourceVersionDate "2019.09.30"]
[SourceQuality "1"]

1. e4 e6 2. d4 d5 3. e5 c5 4. c3 Nc6 5. Nf3 Nh6 6. Bd3 Qb6 7. 0-0 cxd4 8. cxd4 Nf5 9. Bxf5 exf5 10. Nc3 Be6 11. Ne2 Be7 12. h4 0-0 13. b3 Rfc8 14. Bg5 Ba3 15. Qd2 Qb4 16. Qe3 h6 17. Bf4 Qf8 18. Rfd1 Nb4 19. Ne1 Rc6 20. Rd2 Rac8 21. Rad1 Kh7 22. Nd3 Nxd3 23. Rxd3 Rc2 24. R3d2 Bb4 25. Rxc2 Rxc2 26. a4 Qd8 27. Qd3 Rc6 28. g3 Kg8 29. h5 Ba3 30. Bc1 Bxc1 31. Rxc1 Rxc1+ 32. Nxc1 Qg5 33. Qd1 f4 34. Kg2 fxg3 35. fxg3 Bg4 36. Qe1 Qxh5 37. Qe3 Bf5 38. Ne2 Be4+ 39. Kf2 Qh1 40. Nf4 Qd1 41. e6 Qc2+ 42. Ke1 Qb1+ 43. Kd2 Qc2+ 44. Ke1 fxe6 45. Nxe6 Qb1+ 46. Kd2 Qc2+ 47. Ke1 Qc6 48. Nf4 Qf6 49. Qc3 Kh7 50. a5 Qg5 51. Kf2 Qg4 52. Ke1 Qf5 53. Qb4 Qg5 54. Qc3 Qg4 55. Qe3 Qc8 56. Ne2 Qh3 57. Nf4 Qh1+ 58. Kd2 Qa1 59. Qc3 Qxc3+ 60. Kxc3 g5 61. Ne6 Kg6 62. Kd2 Kf5 63. Nc5 Kg4 64. Ke3 h5 65. Kf2 h4 66. gxh4 gxh4 67. Kg1 b6 68. axb6 axb6 69. Nd7 Kg3 70. Nf6 Bf3 0-1

[Event "Portoroz op 12th"]
[Site "Portoroz"]
[Date "2018.07.19"]
[Round "7"]
[White "Bodiroga, Predrag"]
[Black "Grollemund, Bertrand"]
[Result "1/2-1/2"]
[WhiteElo "2349"]
[BlackElo "2175"]
[PlyCount "92"]
[EventDate "2018.07.14"]
[EventType "swiss"]
[EventRounds "9"]
[EventCountry "SVK"]
[SourceTitle "EXT 2019"]
[Source "ChessBase"]
[SourceDate "2018.10.10"]
[SourceVersion "1"]
[SourceVersionDate "2018.10.10"]
[SourceQuality "1"]

1. d4 Nf6 2. c4 g6 3. Nc3 d5 4. Nf3 Bg7 5. Bg5 Ne4 6. h4 Nxg5 7. hxg5 dxc4 8. Qa4+ c6 9. Qxc4 Be6 10. Qd3 Nd7 11. e3 Qa5 12. a3 c5 13. Be2 Rc8 14. 0-0 0-0 15. d5 Bf5 16. e4 Bg4 17. Rac1 h6 18. gxh6 Bxh6 19. Rc2 c4 20. Qd4 Bg7 21. Qe3 Bxf3 22. Qxf3 b5 23. Rd1 Nc5 24. Qe3 Qb6 25. e5 Qb8 26. f4 f6 27. Bg4 f5 28. Be2 g5 29. g3 Rfd8 30. d6 exd6 31. Nxb5 d5 32. Nd6 Ne4 33. Nxc8 Qxc8 34. Rxd5 Rxd5 35. Bxc4 Kf8 36. Qxa7 Rd1+ 37. Kg2 Qd7 38. Qxd7 Rxd7 39. Be6 Rd2+ 40. Rxd2 Nxd2 41. Bxf5 Nc4 42. a4 Ne3+ 43. Kf3 Nxf5 44. a5 Nd4+ 45. Ke4 Nc6 46. a6 Na7 1/2-1/2

[Event "Barcelona Sants op 17th"]
[Site "Barcelona"]
[Date "2015.08.27"]
[Round "7"]
[White "Grollemund, Bertrand"]
[Black "Aranaz Murillo, Amalia"]
[Result "0-1"]
[WhiteElo "2104"]
[BlackElo "2287"]
[PlyCount "58"]
[EventDate "2015.08.21"]
[EventType "swiss"]
[EventRounds "10"]
[EventCountry "ESP"]
[SourceTitle "EXT 2016"]
[Source "ChessBase"]
[SourceDate "2015.10.08"]
[SourceVersion "1"]
[SourceVersionDate "2015.10.08"]
[SourceQuality "1"]

1. g3 Nf6 2. Bg2 d5 3. c4 c6 4. Qa4 e6 5. Nf3 Nbd7 6. d3 Bd6 7. 0-0 0-0 8. Nbd2 Re8 9. Qc2 e5 10. Rb1 Qe7 11. Nh4 Nf8 12. e4 dxe4 13. Nxe4 Nxe4 14. dxe4 g6 15. Be3 Ne6 16. Rfc1 b6 17. a3 Bd7 18. b4 c5 19. Qd2 Rad8 20. b5 Bc8 21. Qe1 Bb7 22. f3 Bc7 23. Rd1 Rxd1 24. Rxd1 Nd4 25. Qf2 a6 26. f4 exf4 27. Bxd4 fxg3 28. hxg3 cxd4 29. Rxd4 Bd6 0-1

[Event "Avoine op 28th"]
[Site "Avoine"]
[Date "2013.07.25"]
[Round "6"]
[White "Shirazi, Kamran"]
[Black "Grollemund, Bertrand"]
[Result "1-0"]
[WhiteElo "2411"]
[BlackElo "2163"]
[PlyCount "69"]
[EventDate "2013.07.20"]
[EventType "swiss"]
[EventRounds "9"]
[EventCountry "FRA"]
[SourceTitle "CBM 155 Extra"]
[Source "ChessBase"]
[SourceDate "2013.08.26"]
[SourceVersion "1"]
[SourceVersionDate "2013.08.26"]
[SourceQuality "1"]

1. e4 c5 2. Nf3 Nc6 3. d4 cxd4 4. Nxd4 Nf6 5. Nc3 e5 6. Ndb5 d6 7. Nd5 Nxd5 8. exd5 Nb8 9. c4 Be7 10. Be3 0-0 11. Qd2 a6 12. Nc3 f5 13. f3 Nd7 14. Bd3 b6 15. 0-0 g6 16. g4 Nc5 17. Bc2 a5 18. gxf5 Bxf5 19. Bxf5 gxf5 20. Kh1 Kh8 21. Rg1 Bf6 22. Rg2 Nd7 23. Rag1 Qe7 24. Qc2 f4 25. Bf2 Rg8 26. Rxg8+ Rxg8 27. Rxg8+ Kxg8 28. Qf5 Bg7 29. Ne4 Nf8 30. b3 a4 31. b4 Qc7 32. c5 bxc5 33. bxc5 dxc5 34. Bxc5 Qd7 35. Qxf8+ 1-0

[Event "Avoine op 28th"]
[Site "Avoine"]
[Date "2013.07.24"]
[Round "5"]
[White "Dessenne, Francois"]
[Black "Grollemund, Bertrand"]
[Result "0-1"]
[WhiteElo "2017"]
[BlackElo "2163"]
[PlyCount "60"]
[EventDate "2013.07.20"]
[EventType "swiss"]
[EventRounds "9"]
[EventCountry "FRA"]
[SourceTitle "CBM 155 Extra"]
[Source "ChessBase"]
[SourceDate "2013.08.26"]
[SourceVersion "1"]
[SourceVersionDate "2013.08.26"]
[SourceQuality "1"]

1. e4 c5 2. Nf3 Nc6 3. Nc3 Nf6 4. Bc4 e6 5. e5 Ng4 6. Qe2 Qc7 7. d4 a6 8. d5 Ncxe5 9. Bf4 Nd3+ 10. Bxd3 Qxf4 11. dxe6 dxe6 12. Nd5 Qd6 13. 0-0-0 Be7 14. Nf6+ Nxf6 15. Bb5+ axb5 16. Rxd6 Bxd6 17. Qxb5+ Bd7 18. Qd3 Bf4+ 19. Kb1 0-0 20. g3 Bc7 21. g4 Bc6 22. Rg1 Bd5 23. a3 b6 24. g5 Ne4 25. Qe2 Rxa3 26. Rg4 Rfa8 27. c3 Nxc3+ 28. bxc3 Ra1+ 29. Kc2 R8a2+ 30. Kd3 Bc4+ 0-1

[Event "Montpellier op 19th"]
[Site "Montpellier"]
[Date "2013.07.09"]
[Round "4"]
[White "Thetis, Jimmy"]
[Black "Grollemund, Bertrand"]
[Result "1-0"]
[WhiteElo "2071"]
[BlackElo "2163"]
[PlyCount "67"]
[EventDate "2013.07.05"]
[EventType "swiss"]
[EventRounds "9"]
[EventCountry "FRA"]
[SourceTitle "EXT 2014"]
[Source "ChessBase"]
[SourceDate "2013.11.20"]
[SourceVersion "1"]
[SourceVersionDate "2013.11.20"]
[SourceQuality "1"]

1. d4 Nf6 2. c4 g6 3. Nc3 d5 4. cxd5 Nxd5 5. e4 Nb6 6. Be3 Bg7 7. Qd2 e5 8. d5 c6 9. d6 Be6 10. b3 N8d7 11. Bg5 Nf6 12. Nf3 h6 13. Bh4 Nbd7 14. Bc4 Bg4 15. Qe3 Qb6 16. Qe2 Qb4 17. Qd2 b5 18. a3 Qc5 19. Be2 a5 20. 0-0 0-0 21. Rfc1 g5 22. Bg3 Ne8 23. Nxb5 Qb6 24. Nc7 Nxc7 25. dxc7 Qxc7 26. Nd4 Bxe2 27. Qxe2 c5 28. Nf5 Rfb8 29. Rc3 Rb7 30. Qh5 Nf6 31. Nxh6+ Kh7 32. Qxg5 Qc6 33. Nf5 Bf8 34. Bxe5 1-0

[Event "Montpellier op 19th"]
[Site "Montpellier"]
[Date "2013.07.07"]
[Round "1"]
[White "Grollemund, Bertrand"]
[Black "Grosse, Ludovic"]
[Result "0-1"]
[WhiteElo "2163"]
[BlackElo "1842"]
[PlyCount "64"]
[EventDate "2013.07.05"]
[EventType "swiss"]
[EventRounds "9"]
[EventCountry "FRA"]
[SourceTitle "EXT 2014"]
[Source "ChessBase"]
[SourceDate "2013.11.20"]
[SourceVersion "1"]
[SourceVersionDate "2013.11.20"]
[SourceQuality "1"]

1. e4 c5 2. Nf3 d6 3. d4 cxd4 4. Nxd4 Nf6 5. Nc3 g6 6. Be2 Bg7 7. Be3 0-0 8. 0-0 Nc6 9. h3 Bd7 10. Nb3 Rc8 11. f4 a6 12. a4 Na5 13. e5 Ne8 14. Nd5 Nxb3 15. Bb6 Nxa1 16. Bxd8 Rxd8 17. Nxe7+ Kh8 18. Qxa1 dxe5 19. fxe5 Bxe5 20. Nd5 Bf5 21. Nb4 Nf6 22. Nd3 Bd4+ 23. Kh2 Ne4 24. Qe1 Rfe8 25. g4 Bd7 26. Bf3 Ng5 27. Qa5 Nxf3+ 28. Rxf3 Bc6 29. Rxf7 Re2+ 30. Kg3 Rg2+ 31. Kh4 Rd5 32. Qc7 Rh5+ 0-1

[Event "FRA-chT2 0405"]
[Site "France"]
[Date "2005.01.09"]
[Round "6.7"]
[White "Delabaca, Romuald"]
[Black "Grollemund, Bertrand"]
[Result "0-1"]
[WhiteElo "2170"]
[BlackElo "2138"]
[PlyCount "80"]
[EventDate "2004.10.10"]
[EventType "team"]
[EventRounds "11"]
[EventCountry "FRA"]
[SourceTitle "EXT 2006"]
[Source "ChessBase"]
[SourceDate "2005.11.24"]
[SourceVersion "1"]
[SourceVersionDate "2005.11.24"]
[SourceQuality "1"]

1. e4 c5 2. Nf3 Nc6 3. d4 cxd4 4. Nxd4 Nf6 5. Nc3 e5 6. Ndb5 d6 7. Bg5 a6 8. Na3 b5 9. Bxf6 gxf6 10. Nd5 Bg7 11. c3 f5 12. exf5 Bxf5 13. Nc2 Be6 14. g3 0-0 15. Bg2 a5 16. 0-0 Rb8 17. Nce3 f5 18. Qh5 Kh8 19. f4 e4 20. Rad1 b4 21. Rd2 a4 22. c4 b3 23. a3 Qa5 24. Rfd1 Qc5 25. Qe2 Nd4 26. Qf2 Bxd5 27. Nxd5 Nc2 28. Qxc5 dxc5 29. Rb1 Bd4+ 30. Kf1 Ne3+ 31. Nxe3 Bxe3 32. Re2 Bd4 33. Ke1 Rbd8 34. Bf1 Kg7 35. Rd2 h5 36. Rg2 Kf6 37. Be2 Rh8 38. h3 Rd7 39. Bf1 Rg7 40. Be2 Rhg8 0-1

[Event "FRA-chT2 0405"]
[Site "France"]
[Date "2005.01.08"]
[Round "5.6"]
[White "Coutton, Sylvain"]
[Black "Grollemund, Bertrand"]
[Result "1-0"]
[WhiteElo "2150"]
[BlackElo "2138"]
[PlyCount "59"]
[EventDate "2004.10.10"]
[EventType "team"]
[EventRounds "11"]
[EventCountry "FRA"]
[SourceTitle "EXT 2006"]
[Source "ChessBase"]
[SourceDate "2005.11.24"]
[SourceVersion "1"]
[SourceVersionDate "2005.11.24"]
[SourceQuality "1"]
[WhiteTeam "Echiquier Nicois  II"]
[BlackTeam "Montpellier  II"]
[WhiteTeamCountry "FRA"]
[BlackTeamCountry "FRA"]

1. d4 Nf6 2. c4 g6 3. Nc3 d5 4. cxd5 Nxd5 5. e4 Nxc3 6. bxc3 c5 7. Bc4 Bg7 8. Ne2 0-0 9. 0-0 Nc6 10. Be3 Bg4 11. f3 Na5 12. Bd3 cxd4 13. cxd4 Be6 14. d5 Bxa1 15. Qxa1 f6 16. Bh6 Qb6+ 17. Kh1 Rfd8 18. Rb1 Qd6 19. Qc3 b6 20. Bf4 Qd7 21. Bb5 Qc8 22. dxe6 Qxe6 23. Bc7 Rdc8 24. Ba6 Rf8 25. Rd1 Rf7 26. a3 Raf8 27. Nf4 Qa2 28. Ra1 Qf2 29. Ne6 Ra8 30. Bg3 1-0

[Event "FRA-chT2S"]
[Site "France"]
[Date "2003.01.18"]
[Round "5.4"]
[White "Lamorelle, Yves"]
[Black "Grollemund, Bertrand"]
[Result "1-0"]
[WhiteElo "2234"]
[BlackElo "2110"]
[PlyCount "65"]
[EventDate "2002.10.??"]
[EventType "team"]
[EventRounds "11"]
[EventCountry "FRA"]
[SourceTitle "EXT 2004"]
[Source "ChessBase"]
[SourceDate "2003.11.25"]
[SourceVersion "1"]
[SourceVersionDate "2003.11.25"]
[SourceQuality "1"]

1. e4 c5 2. Nf3 Nc6 3. Bb5 g6 4. c3 Bg7 5. 0-0 Nf6 6. e5 Nd5 7. d4 cxd4 8. cxd4 0-0 9. Nc3 Nc7 10. Ba4 d6 11. h3 dxe5 12. Bxc6 exd4 13. Be4 dxc3 14. Qc2 Ne6 15. bxc3 Nc5 16. Ba3 Qc7 17. Rfe1 Bf6 18. Rab1 Rb8 19. Nd4 Bd7 20. Nb5 Bxb5 21. Rxb5 Nxe4 22. Qxe4 b6 23. Re3 Rfd8 24. Qf3 Rd2 25. Rb2 Rbd8 26. Rxd2 Rxd2 27. g3 Rxa2 28. Qxf6 Ra1+ 29. Kh2 Qb7 30. f3 Ra2+ 31. Kg1 Qd7 32. Qxe7 Ra1+ 33. Kf2 1-0

[Event "FRA-chT2S"]
[Site "France"]
[Date "2002.11.16"]
[Round "2.3"]
[White "Goldgewicht, Lionel"]
[Black "Grollemund, Bertrand"]
[Result "1/2-1/2"]
[WhiteElo "2362"]
[BlackElo "2136"]
[PlyCount "43"]
[EventDate "2002.10.??"]
[EventType "team"]
[EventRounds "11"]
[EventCountry "FRA"]
[SourceTitle "EXT 2004"]
[Source "ChessBase"]
[SourceDate "2003.11.25"]
[SourceVersion "1"]
[SourceVersionDate "2003.11.25"]
[SourceQuality "1"]

1. e4 c5 2. c3 g6 3. d4 cxd4 4. cxd4 d5 5. exd5 Nf6 6. Bb5+ Nbd7 7. Nc3 Bg7 8. Nf3 0-0 9. 0-0 Nb6 10. Ne5 Nbxd5 11. Be2 Be6 12. Bf3 Rc8 13. Bd2 Qd6 14. Re1 Rfd8 15. h4 Qb6 16. Nxd5 Nxd5 17. Bxd5 Rxd5 18. Bc3 Rd6 19. h5 Rcd8 20. hxg6 hxg6 21. Qf3 Bf6 22. a3 1/2-1/2

[Event "FRA-chT2"]
[Site "France"]
[Date "2001.11.18"]
[Round "3"]
[White "Bibikoff, Michel"]
[Black "Grollemund, Bertrand"]
[Result "0-1"]
[WhiteElo "2130"]
[BlackElo "2150"]
[PlyCount "73"]
[EventDate "2002.??.??"]
[EventType "team"]
[EventRounds "11"]
[EventCountry "FRA"]
[SourceTitle "EXT 2003"]
[Source "ChessBase"]
[SourceDate "2002.11.25"]
[SourceVersion "1"]
[SourceVersionDate "2002.11.25"]
[SourceQuality "1"]

1. Nf3 Nf6 2. c4 g6 3. Nc3 d5 4. cxd5 Nxd5 5. Qb3 Nb6 6. d4 Bg7 7. e4 0-0 8. Be3 Bg4 9. Rd1 a5 10. Be2 a4 11. Qc2 a3 12. b3 Nc6 13. Nb5 f5 14. Ng5 Bxe2 15. Qxe2 Qd7 16. d5 Nd8 17. 0-0 Ra5 18. Nd4 fxe4 19. Nge6 Nxe6 20. Nxe6 Rf5 21. Nxg7 Kxg7 22. Bh6+ Kf7 23. Qxe4 Raxd5 24. Rc1 c5 25. Be3 Qd6 26. Rfe1 Nd7 27. Qh4 Nf6 28. g4 Rfe5 29. Qh6 Nxg4 30. Qxh7+ Ke8 31. Qg8+ Kd7 32. Bf4 Qe6 33. Qxe6+ Rxe6 34. Rxe6 Kxe6 35. Rc4 b5 36. Rc2 Kf5 37. Bg3 0-1

[Event "FRA-chT"]
[Site "France"]
[Date "2001.04.29"]
[Round "9.8"]
[White "Mensch, Etienne"]
[Black "Grollemund, Bertrand"]
[Result "1/2-1/2"]
[WhiteElo "2313"]
[BlackElo "2082"]
[PlyCount "119"]
[EventDate "2001.02.02"]
[EventType "team"]
[EventRounds "11"]
[EventCountry "FRA"]
[SourceTitle "EXT 2002"]
[Source "ChessBase"]
[SourceDate "2001.11.25"]
[SourceVersion "1"]
[SourceVersionDate "2001.11.25"]
[SourceQuality "1"]
[WhiteTeam "Strasbourg"]
[BlackTeam "Montpellier"]
[WhiteTeamCountry "FRA"]
[BlackTeamCountry "FRA"]

1. d4 Nf6 2. Bg5 Ne4 3. Bf4 d5 4. e3 Bf5 5. Bd3 e6 6. f3 Nd6 7. Ne2 Be7 8. 0-0 0-0 9. c3 Nd7 10. Bxf5 exf5 11. Qd3 g6 12. Nd2 Nf6 13. Rae1 Nh5 14. Be5 Bg5 15. Ng3 Nxg3 16. Bxg3 Re8 17. b3 b6 18. Bf2 Qd7 19. Rc1 Rad8 20. Rfe1 c6 21. a4 Re6 22. c4 dxc4 23. bxc4 Nb7 24. Nb3 c5 25. d5 Ree8 26. a5 bxa5 27. Qc3 a4 28. Na5 Bf6 29. Qxf6 Nxa5 30. Bg3 Nb3 31. Rc2 Qe7 32. Qxe7 Rxe7 33. Bh4 Kf8 34. Bxe7+ Kxe7 35. Ra2 Rb8 36. Rb1 Rb4 37. e4 fxe4 38. fxe4 Rxc4 39. e5 Re4 40. d6+ Kd7 41. Rxa4 Rxa4 42. Rxb3 Rb4 43. Ra3 Rb7 44. Rc3 Kc6 45. Kf2 Kd5 46. Rd3+ Ke6 47. Ke3 c4 48. Rd4 f6 49. exf6 Rd7 50. Rf4 Kf7 51. Rxc4 Kxf6 52. Rc6 Ke5 53. Ra6 Rxd6 54. Rxa7 h5 55. Kf3 Rd3+ 56. Ke2 Rb3 57. Kf2 Kf4 58. g3+ Kg4 59. Ra2 Kh3 60. Ra6 1/2-1/2

[Event "Saint Affrique op 08th "]
[Site "Saint Affrique"]
[Date "2000.07.??"]
[Round "5"]
[White "Bratanov, Zsivko"]
[Black "Grollemund, Bertrand"]
[Result "1-0"]
[WhiteElo "2400"]
[BlackElo "2091"]
[PlyCount "73"]
[EventDate "2000.07.??"]
[EventType "swiss"]
[EventRounds "9"]
[EventCountry "FRA"]
[SourceTitle "EXT 2001"]
[Source "ChessBase"]
[SourceDate "2000.11.22"]
[SourceVersion "1"]
[SourceVersionDate "2000.11.22"]
[SourceQuality "1"]

1. d4 Nf6 2. c4 g6 3. Nc3 d5 4. Nf3 Bg7 5. cxd5 Nxd5 6. Qa4+ Bd7 7. Qc2 Nb6 8. e4 0-0 9. Be3 Nc6 10. Rd1 Bg4 11. d5 Ne5 12. Be2 Bxf3 13. gxf3 Nec4 14. Bc1 Qd6 15. f4 e5 16. dxe6 Qxe6 17. 0-0 Nd6 18. Bf3 c6 19. Rfe1 Rad8 20. b3 Rd7 21. Ne2 Nb5 22. Rxd7 Nxd7 23. Be3 Nf6 24. a4 Nc7 25. f5 Qc8 26. Ng3 Nd7 27. Be2 h5 28. fxg6 fxg6 29. f4 h4 30. Nf1 Nf6 31. e5 Ng4 32. Qxg6 Nxe3 33. Nxe3 Nd5 34. Bd3 Rxf4 35. Nf5 Rxf5 36. Bxf5 Nf4 37. Qh7+ 1-0

[Event "FRA-chT2S 9900"]
[Site "France"]
[Date "2000.02.06"]
[Round "7"]
[White "Dezaele, Christophe"]
[Black "Grollemund, Bertrand"]
[Result "1-0"]
[WhiteElo "2165"]
[BlackElo "2034"]
[PlyCount "107"]
[EventDate "1999.01.15"]
[EventType "team"]
[EventRounds "7"]
[EventCountry "FRA"]
[SourceTitle "EXT 2002"]
[Source "ChessBase"]
[SourceDate "2001.11.25"]
[SourceVersion "1"]
[SourceVersionDate "2001.11.25"]
[SourceQuality "1"]

1. d4 Nf6 2. c4 g6 3. Nf3 Bg7 4. g3 0-0 5. Bg2 d5 6. cxd5 Nxd5 7. e4 Nb6 8. Nc3 Bg4 9. e5 Nc6 10. Be3 f6 11. Qb3+ Kh8 12. exf6 Bxf6 13. Ne4 Bxf3 14. Bxf3 Nxd4 15. Bxd4 Qxd4 16. Rd1 Qxb2 17. Qxb2 Bxb2 18. Ke2 Rf5 19. Bg2 c6 20. f4 h6 21. Rd2 Ba3 22. Rhd1 Rd5 23. Nf2 Rxd2+ 24. Rxd2 Kg7 25. Be4 Bd6 26. Rb2 Rb8 27. Rb3 Nd7 28. Nd3 Nf6 29. Bf3 Nd5 30. a4 b6 31. Nb2 e6 32. Nc4 Bc7 33. Bg4 Kf6 34. Ne3 a6 35. Bf3 Nxe3 36. Rxe3 c5 37. Bg4 e5 38. fxe5+ Bxe5 39. Rf3+ Ke7 40. Re3 Kd6 41. Rd3+ Bd4 42. Rb3 c4 43. Rb1 Re8+ 44. Kd2 Kc5 45. Kc2 b5 46. axb5 axb5 47. Rxb5+ Kc6 48. Rb4 Kd5 49. Rb5+ Bc5 50. Bf3+ Kd4 51. Rb1 Rf8 52. Rf1 Ke3 53. Bg2 Ra8 54. Bxa8 1-0

[Event "FRA Cup mixed"]
[Site "Guingamp"]
[Date "1999.??.??"]
[Round "4"]
[White "Delmont, Jean Robert"]
[Black "Grollemund, Bertrand"]
[Result "0-1"]
[WhiteElo "2056"]
[BlackElo "2034"]
[PlyCount "75"]
[EventDate "1999.??.??"]
[EventType "team"]
[EventRounds "6"]
[EventCountry "FRA"]
[SourceTitle "EXT 2002"]
[Source "ChessBase"]
[SourceDate "2001.11.25"]
[SourceVersion "1"]
[SourceVersionDate "2001.11.25"]
[SourceQuality "1"]

1. d4 Nf6 2. c4 e6 3. Nc3 Bb4 4. e3 b6 5. Bd3 Bb7 6. Nge2 0-0 7. 0-0 c5 8. a3 Bxc3 9. Nxc3 d6 10. b3 Nc6 11. Bc2 Qe7 12. Bb2 Rfd8 13. Ne4 d5 14. Nxf6+ Qxf6 15. Qb1 cxd4 16. cxd5 Rxd5 17. Bxh7+ Kh8 18. Be4 Rh5 19. Bf3 Rh6 20. exd4 Qf4 21. h3 Rxh3 22. gxh3 Qxf3 23. Qd1 Nxd4 24. Qxf3 Nxf3+ 25. Kh1 Nd2+ 26. Kh2 Nxf1+ 27. Rxf1 Rd8 28. Bc3 Rd3 29. Rc1 Be4 30. b4 Bf5 31. h4 Rh3+ 32. Kg2 Rxh4 33. Kf3 f6 34. a4 Kh7 35. a5 bxa5 36. bxa5 e5 37. Bd2 a6 38. Rc6 0-1